World architecture : (Record no. 5042)

MARC details
000 -LEADER
fixed length control field 00578nam a2200181 ar4500
001 - CONTROL NUMBER
control field 5044
005 - DATE AND TIME OF LATEST TRANSACTION
control field 20221127091059.0
008 - FIXED-LENGTH DATA ELEMENTS--GENERAL INFORMATION
fixed length control field 190919s xxu a 00110 eng d
020 ## - INTERNATIONAL STANDARD BOOK NUMBER
International Standard Book Number 9780500342749(hbk) :
Terms of availability SR350.00
082 04 - DEWEY DECIMAL CLASSIFICATION NUMBER
Classification number 720.9
Item number P955 2011
100 1# - MAIN ENTRY--PERSONAL NAME
Personal name Pryce, Will.
245 10 - TITLE STATEMENT
Title World architecture :
Remainder of title the master works /
Statement of responsibility, etc. Pryce Will.
260 ## - PUBLICATION, DISTRIBUTION, ETC.
Place of publication, distribution, etc. London:
Name of publisher, distributor, etc. Thames & Hudson,
Date of publication, distribution, etc. 2011.
300 ## - PHYSICAL DESCRIPTION
Extent 313 pages :
Other physical details color illustrations ;
Dimensions 30 cm.
500 ## - GENERAL NOTE
General note Includes index.
500 ## - GENERAL NOTE
General note First published: New York : Thames & Hudson, 2008..
650 #4 - SUBJECT ADDED ENTRY--TOPICAL TERM
Topical term or geographic name entry element Architecture
General subdivision History.
Holdings
Withdrawn status Lost status Source of classification or shelving scheme Damaged status Not for loan Home library Current library Date acquired Total Checkouts Full call number Barcode Date last seen Copy number Price effective from Koha item type
          CENTRAL CENTRAL 11/27/2022   720.9 P955 2011 1000000015004 11/27/2022 C1 11/27/2022 Book